| 000 | 01341cam a2200349 a 4500 | ||
|---|---|---|---|
| 020 | _a0878559124 (pbk.) | ||
| 082 | 0 | 0 |
_a355.4 _bSTR _cD |
| 100 |
_aKlaus Knorr _948800 |
||
| 245 | 0 | 0 |
_aStrategic military surprise : _bincentives and opportunities / _cedited by Klaus Knorr and Patrick Morgan, with contributions by Michael Doyle, Michael Handel, Richard Betts. |
| 260 |
_aNew Brunswick, U.S.A. : _bTransaction Books, _c1983. |
||
| 300 |
_avi, 265 p. ; _c24 cm. |
||
| 526 |
_a0 _b0 _c0 _d355_400000000000000_STR |
||
| 526 |
_a0 _b0 _c0 _d355_400000000000000_STR |
||
| 526 |
_a0 _b0 _c0 _d355_400000000000000_STR |
||
| 526 |
_a0 _b0 _c0 _d355_400000000000000_STR |
||
| 526 |
_a0 _b0 _c0 _d355_400000000000000_STR |
||
| 526 |
_a0 _b0 _c0 _d355_400000000000000_STR |
||
| 526 |
_a0 _b0 _c0 _d355_400000000000000_STR |
||
| 526 |
_a0 _b0 _c0 _d355_400000000000000_STR |
||
| 526 |
_a0 _b0 _c0 _d355_400000000000000_STR |
||
| 526 |
_a0 _b0 _c0 _d355_400000000000000_STR |
||
| 526 |
_a0 _b0 _c0 _d355_400000000000000_STR |
||
| 526 |
_a0 _b0 _c0 _d355_400000000000000_STR |
||
| 526 |
_a0 _b0 _c0 _d355_400000000000000_STR |
||
| 526 |
_a0 _b0 _c0 _d355_400000000000000_STR |
||
| 650 | 0 |
_aMCE _9379 |
|
| 650 | 0 | _aStrategy. | |
| 650 | 0 |
_aSurprise (Military science) _947045 |
|
| 700 | 1 |
_aKnorr, Klaus, _947046 |
|
| 700 | 1 |
_aMorgan, Patrick M., _947047 |
|
| 942 |
_2ddc _cBK |
||
| 999 |
_c551653 _d551653 |
||